Επικίνδυνη μνήμη
Αποθηκεύτηκε σε:
| Κύριος συγγραφέας: | |
|---|---|
| Άλλοι συγγραφείς: | |
| Μορφή: | Βιβλίο |
| Γλώσσα: | Greek German |
| Δημοσίευση: |
[Αθήνα] :
Μεταίχμιο,
2004.
|
| Σειρά: | Ξένη λογοτεχνία (Μεταίχμιο)
|
| Θέματα: | |
| Ετικέτες: |
Προσθήκη ετικέτας
Δεν υπάρχουν, Καταχωρήστε ετικέτα πρώτοι!
|
MARC
| LEADER | 00000cam a2200000 i 4500 | ||
|---|---|---|---|
| 001 | 1/25522 | ||
| 008 | 060302s2002 gr | ||| |||| ||gre|| | ||
| 020 | |a 9603757454 | ||
| 035 | |l 10082934 | ||
| 040 | |a GR-MyUa |b gre |e AACR2 | ||
| 041 | 1 | |a gre |h ger | |
| 082 | 7 | |a 833.92 |2 (22) | |
| 100 | 1 | |a Suter, Martin, |d 1948- | |
| 245 | 1 | 0 | |a Επικίνδυνη μνήμη / |c Μάρτιν Ζούτερ ; μετάφραση: Γιώτα Λαγουδάκου. |
| 260 | |a [Αθήνα] : |b Μεταίχμιο, |c 2004. | ||
| 300 | |a 353 σ. ; |c 21 εκ. | ||
| 490 | 1 | |a (Ξένη λογοτεχνία / Μεταίχμιο) | |
| 580 | |a Translation of: Small world | ||
| 580 | |a Translation of: Die Dunkle Seite des Mondes | ||
| 650 | 0 | 0 | |a German fiction |y 20th century. |
| 700 | 1 | |a Λαγουδάκου, Γιώτα, |e trlf | |
| 730 | 0 | |a Small world. | |
| 730 | 0 | |a Die Dunkle Seite des Mondes. | |
| 830 | 0 | |a Ξένη λογοτεχνία (Μεταίχμιο) | |
| 852 | |a INST |b RHODES |e 20060302 |h 833.92 SUT |p 005400021272 |q 005400021272 |t BK |y 0 | ||
| 901 | |a BIBL4-2006-1 | ||
| 970 | |a Κόζα |b Μαρία |z 2006/03/02 | ||